Animals A-Z by Picture - Statistics

General Stats
  • This quiz has been taken 64 times
  • The average score is 21 of 26
Answer Stats
Picture Hint Answer % Correct
H Hippo
96%
G Giraffe
95%
J Jaguar
95%
K Kangaroo
95%
L Lion
95%
U Unicorn
95%
F Flamingo
93%
I Iguana
93%
O Orangutan
93%
Z Zebra
93%
R Red panda
89%
V Vulture
89%
B Beetle
87%
M Monkey
87%
E Emu
85%
N Narwhal
85%
Y Yak
85%
C Capybara
84%
D Dolphin
84%
S Sea lion
80%
T Tortoise
80%
Q Quail
69%
A Aardvark
64%
W Wildebeest
55%
P Pangolin
47%
X (Genus of bird) Xenops
15%
No matching quizzes found
Score Distribution
Percent of People with Each Score
Percentile by Number Answered
Your Score History
You have not taken this quiz